Realita na cestách nahráva Fleet controllingu

Dopad finančnej krízy na logistické spoločnosti. Výskum, ktorý dáva odpovede na možné smery rozvoja trhu IT v logistike. Budúci rozvoj dopravných spoločností podmienený využívaním dostupných technológií. Komplexné riešenie pre Fleet controlling - nevyhnutné pre prežitie. Čo možno očakávať od IT v lo...

Full description

Saved in:
Bibliographic Details
Main Author: Jaroš, Tomáš
Format: Book Chapter
Language:Slovak
Subjects:
Tags: Add Tag
No Tags, Be the first to tag this record!

MARC

LEADER 00000naa$a2200000$$$4500
001 0100113
005 20231108135431.3
041 0 |a slo 
044 |a SK 
245 1 0 |a Realita na cestách nahráva Fleet controllingu  |c Tomáš Jaroš 
520 |a Dopad finančnej krízy na logistické spoločnosti. Výskum, ktorý dáva odpovede na možné smery rozvoja trhu IT v logistike. Budúci rozvoj dopravných spoločností podmienený využívaním dostupných technológií. Komplexné riešenie pre Fleet controlling - nevyhnutné pre prežitie. Čo možno očakávať od IT v logistike. Vývojové etapy systémov pre riadenie vozového parku. 
610 2 0 |a logistika 
610 2 0 |a preprava 
610 2 0 |a doprava 
610 2 0 |a technológie informačné 
610 2 0 |a technológie komunikačné 
610 2 0 |a podnik 
610 2 0 |a kontroling 
610 2 0 |a park vozový 
100 1 |a Jaroš, Tomáš